A brief description of Orkney, Zetland, Pightland-Firth & Caithnefs

Na minha lista:
Detalhes bibliográficos
Autor principal: Brand, John (Author)
Formato: Livro
Idioma:inglês
Publicado em: Edimburgo George Mosman 1701
Edição:1a. ed
Assuntos:
Tags: Adicionar Tag
Sem tags, seja o primeiro a adicionar uma tag!

MARC

LEADER 00000nam a2200000 a 4500
001 UCJ7161
003 CL-VaPUC
008 070124e17010000uk |||||||||||||||||eng|d
082 0 4 |a 910.4  |b BRA  |2 21 
100 0 |a Brand, John  |e author  |9 515244 
245 1 2 |a A brief description of Orkney, Zetland, Pightland-Firth & Caithnefs 
250 |a 1a. ed 
300 |a 165 p 
942 |c BK 
945 |d 20070124 00:00:00  |a rinostro 
260 |a Edimburgo  |b George Mosman  |c 1701 
500 |a 4§, pasta.- Port.- v. en b.- Apostillado 
650 0 |a Viajes  |9 257115 
650 7 |a LIBRO RARO  |2 CL-VaPUC  |9 504169 
651 7 |a SHETLAND  |2 CL-VaPUC  |9 515245 
583 |a last modification  |c 20150507 05:12:13  |k Rodrigo Vera 
999 |c 323261  |d 323259 
952 |0 0  |1 0  |4 0  |6 910_400000000000000_BRA_1701  |7 0  |8 X  |9 402744  |a FDOBUD  |b FDOBUD  |d 2019-11-22  |i 1059327  |o 910.4 BRA 1701  |p 1059327  |r 2019-11-22  |w 2019-11-22  |y BK_X  |k BUD